| 000 | 00454nam a2200181Ia 4500 | ||
|---|---|---|---|
| 001 | 24280 | ||
| 005 | 20260414151032.0 | ||
| 008 | 260414t2025||||xx |||||||||||||| ||spa|| | ||
| 041 | _aESP | ||
| 082 |
_a345.2 _bN51 |
||
| 100 |
_aArbulú Martínez, Víctor Jímmy, _eAUT |
||
| 245 | 0 |
_aColaboración eficaz y testigo protegido _b |
|
| 260 | _c2025 | ||
| 300 |
_a559 páginas : _c25 cm. |
||
| 650 | _aDER | ||
| 654 | _aCDE | ||
| 942 |
_cLIB _dJUS _fJUS _2ddc _n |
||
| 999 |
_c24280 _d24280 |
||